000 01035cam a2200337 a 4500
001 5881
003 FISKH
005 20250130091644.0
008 070118r20061978nyua b 000 1 eng
010 _a 2007270192
020 _a9780394884660 (pbk.)
020 _a0394884663 (pbk.)
040 _aDLC
_cDLC
_beng
050 _aPZ7.B7646
082 _a823.914
100 1 _aBriggs, Raymond.
245 1 4 _aThe snowman /
_cRaymond Briggs.
260 _aNew York :
_bDragonfly Books,
_c1978.
300 _a30 unnumbered pages :
_bcolor illustrations ;
_c30 cm
505 _aA
520 _aWhen his snowman comes to life, a little boy invites him home and in return is taken on a flight high above the countryside.
521 8 _a70
_bLexile estimate
521 8 _aA
_bRaz-Plus
650 1 _aSnowmen
_vFiction.
650 1 _aDreams
_vFiction.
650 1 _aStories without words.
650 1 _aCartoons and comics.
906 _a7
_bcbc
_corigcop
_d2
_encip
_f20
_gy-gencatlg
942 _2ddc
_cBK
_n0
999 _c5881
_d5881